| 000 | 01139cam a2200385 a 4500 | ||
|---|---|---|---|
| 001 | 16301714 | ||
| 003 | OSt | ||
| 005 | 20140310182919.0 | ||
| 008 | 100625s2007 ph 000 0 eng | ||
| 010 | _a 2010338605 | ||
| 020 | _a9789715846165 | ||
| 040 |
_aDLC _cDLC _dDLC |
||
| 042 | _apcc | ||
| 043 | _aa-ph--- | ||
| 050 | 0 | 0 |
_aKPM 982.3 _b.Si623 2007 |
| 082 |
_2FIL 928.4 _a.Si8 2007 |
||
| 100 | 1 | _aSison, Carmelo V. | |
| 245 | 1 | 0 |
_aPrimer on consumer protection law _cSison, Carmelo |
| 260 |
_aQuezon City _bC & E Pub. _cc2007 |
||
| 300 |
_avii, 152 p. _c22 cm. |
||
| 521 | _aCollege Students | ||
| 526 | _c1210L to 1700L | ||
| 541 | _j1 | ||
| 541 | _j2 | ||
| 541 | _j3 | ||
| 541 | _j4 | ||
| 562 | _e4 | ||
| 650 | 0 |
_aConsumer protection _xLaw and legislation _zPhilippines. |
|
| 650 | 0 |
_aTrade regulation _zPhilippines. |
|
| 856 | 4 | 1 |
_3Table of contents only _uhttp://www.loc.gov/catdir/toc/fy11pdf02/2010338605.html |
| 906 |
_a7 _bcbc _corigode _d2 _encip _f20 _gy-gencatlg |
||
| 942 |
_2lcc _cBK _kFIL |
||
| 999 |
_c17330 _d17330 |
||